Statistics for Classical Music Nicknames

Click here to take the quiz!

General Stats

  • This quiz has been taken 245 times
  • The average score is 9 of 21

Answer Stats

HintAnswer% Correct
Dvořák: Symphony No 9{New} {World}
82%
Vivaldi: Violin Concertos 1 to 4{Four} {Seasons}
76%
Beethoven: Symphony No 3Eroica
73%
Beethoven: Symphony No 6Pastoral
66%
Mozart: Symphony No 41Jupiter
62%
Schubert: Symphony No 8Unfinished
61%
Beethoven: Piano Concerto No 5Emperor
60%
Beethoven: Symphony No 9Choral
57%
Beethoven: Piano Sonata No 14Moonlight
57%
Tchaikovsky: Symphony No 6Pathétique
48%
Haydn: Symphony No 94Surprise
45%
Saint-Saëns: Symphony No 3Organ
37%
Tchaikovsky: Symphony No 2Little {Russian}
35%
Mendelssohn: Symphony No 3Scottish
34%
Beethoven: Violin Sonata No 9Kreutzer
30%
Mozart: Symphony No 38Prague
23%
Hovhaness: Symphony No 50Mount {St} {Helens}
17%
Haydn: Symphony No 100Military
15%
Górecki: Symphony No 3{Sorrowful} {Songs}
11%
Pärt: Symphony No 4L{os} A{ngeles}
10%
Hovhaness: Symphony No 2{Mysterious} Mountain
3%

Score Distribution

Percentile by Number Answered

Percent of People with Each Score

Your Score History

You have not taken this quiz